00761nam a2200217Ia 4500003000900000008004100009020002200050040001600072080001300088100002400101245009400125260003400219300001000253650004500263650001000308650003800318700002200356942000700378999001700385952014100402IN-BaIIA211028s9999 xx 000 0 eng d a978-1-60598-671-5 cIIA Library a523bNOR aNorth, Chris936387 0aHow to read the solar systemba guide to the stars and planetscChris North and Paul Abel aNew YorkbPegasus booksc2014 a320p. aSolar system - observers' manuals936388 aStars aStars - observers' manuals936389 aAbel, Paul936390 cBK c19052d19052 00104070aBANbBANcGENd2015-05-22eBBI g6231.00l1o523/ NORp19974r2023-03-29s2022-08-11v6231.00w2015-05-22yBKGRs. 6231.00